| 000 | 00592nam a2200193 i 4500 | ||
|---|---|---|---|
| 001 | 23641 | ||
| 003 | ES-MaACL | ||
| 005 | 20230906152917.0 | ||
| 007 | t| | ||
| 008 | 021211s1906 it |||| | ita d | ||
| 080 | _a821.131.1.09 | ||
| 245 | 0 | 0 |
_aManuale della letteratura italiana / _ccompilato dai Alessandro D'Ancona e Orazio Bacci. |
| 260 |
_aFirenze : _bG. Barberá, _c1906. |
||
| 300 |
_a6 v. ; _c19 cm. |
||
| 650 | 4 |
_aLiteratura italiana- _xHistoria y crÃtica. _914631 |
|
| 700 | 1 |
_aD'Ancona, Alessandro. _942346 |
|
| 700 | 1 |
_aBacci, Orazio. _924449 |
|
| 852 |
_aES-MaACL _jF-10725-30 |
||
| 999 |
_c23641 _d23641 |
||